Hora foscant : anotacions preses a Alemanya / Max Horkheimer ; traducció i edició a cura de Gustau Muñoz ; pròleg de Jacobo Muñoz anotacions preses a Alemanya / Max Horkheimer ; traducció i edició a cura de Gustau Muñoz ; pròleg de Jacobo Muñoz
Descripción Física:
214 p. ; 19 cm
Colección:
Clàssics del pensament modern ; 15
Materias:
Filosofia alemanya
MARC
| LEADER | 00000nam a2200000Ia 4500 | ||
|---|---|---|---|
| 001 | 1236 | ||
| 008 | 160829s1984 xx 000 0 cat d | ||
| 080 | |a F-1-14 | ||
| 100 | |a Horkheimer, Max |9 28930 | ||
| 245 | |a Hora foscant : |b anotacions preses a Alemanya / Max Horkheimer ; traducció i edició a cura de Gustau Muñoz ; pròleg de Jacobo Muñoz | ||
| 260 | |a Barcelona : |b Edicions 62 : |b Diputació de Barcelona, |c 1984 | ||
| 300 | |a 214 p. ; |c 19 cm | ||
| 490 | |a Clàssics del pensament modern ; 15 | ||
| 650 | |a Filosofia alemanya |9 27649 | ||
| 700 | |a Muñoz, Gustau, tr. |9 33387 | ||
| 700 | |a Muñoz, Jacobo, pr. |9 28932 | ||
| 710 | 1 | |a Barcelona (Catalunya : Província). |b Diputació |9 52408 | |
| 901 | |a Arxiu | ||
| 942 | |n 1 | ||
| 952 | |0 0 |1 0 |4 0 |6 F114 |7 1 |9 44978 |a Arxiu |b Arxiu |d 2016-12-01 |l 0 |o F-1-14 |p 1236 |r 2016-12-01 00:00:00 |w 2016-12-01 |y ARXIU | ||
| 999 | |c 47581 |d 47581 | ||